| 000 | 00883nam a22002657a 4500 | ||
|---|---|---|---|
| 005 | 20140606113242.0 | ||
| 010 | _aENG-105700 | ||
| 020 |
_a9780198075370 _c195.00 |
||
| 020 |
_a0198075375 _c195.00 |
||
| 035 | _aEN-89233 | ||
| 035 | _aB-506664 | ||
| 037 | _bDBAD/PUB | ||
| 037 |
_bBSB/Ven _adpl |
||
| 082 | _a363.34 | ||
| 082 | _a363.340954 | ||
| 100 | _aRoy, Tirthankar | ||
| 245 |
_aNatural Disasters and Indian History / _cby Tirthankar Roy |
||
| 260 |
_aNew Delhi _bOxford University Press _c2012 |
||
| 270 |
_aYMCA Library Building, 1 Jai Singh Road _bNew Delhi _e110001 |
||
| 300 |
_axii,165p. _c18cm(pbk) |
||
| 490 | _aOxford India short introductions | ||
| 500 | _aIncludes bibliographical references and index | ||
| 942 |
_2ddc _cEN _mROY _h363.340954 |
||
| 999 |
_c69539 _d69539 |
||